000 00496cam a2200193 4500
001 D4104
008 090401t1979 xxu||||| |||| 00| 0 eng d
035 _a(Sirsi) u76540
041 _aeng
050 _a692.3
100 _aGoodacre, Peter
245 _aStandard method of measurement: an introduction to the sixth edition
260 _aReading
_bCALUS
_c1979
300 _a35p. 21cm
350 _a1.75
490 _aStudies in Construction Economy
_v2
942 _n0
948 _c04/03/1997
999 _c96201
_d96201